000 00346nam a2200145Ia 4500
008 150301s2013 xx 000 0 und d
082 _a618.92
_bI13K
100 _aKHINANI, PRAVEER
245 _aIAP TB. OF PEDIATRIC ICU PROTOCOLS
250 _a2ND
260 _bJAYPEE
_aDELHI
_c2013
300 _a357
650 _aPEDIATRICS
942 _2ddc
_cBK
999 _c6584
_d6584